书目信息 |
| 题名: |
中国文学理论批评发展史(上卷)
|
|
| 作者: | 张少康 , 刘三富 著 | |
| 分册: | ||
| 出版信息: | 北京 北京大学出版社 1995.06 |
|
| 页数: | 468页 | |
| 开本: | 32开 | |
| 丛书名: | ||
| 单 册: | ||
| 中图分类: | I206.09 | |
| 科图分类: | ||
| 主题词: | 文学--中国 | |
| 电子资源: | ||
| ISBN: | 7-301-02683-8 | |
| 000 | 00645nam0 2200205 45 | |
| 001 | 0007290843 | |
| 005 | 20000729084247.0 | |
| 010 | @a7-301-02683-8@d22.50元 | |
| 100 | @a20000729d1995 km y0chiy0120 ea | |
| 101 | 0 | @achi |
| 105 | @a z 000yy | |
| 200 | 1 | @a中国文学理论批评发展史(上卷)@AZhong Guo Wen Xue Li Lun Pi Ping Fa Zhan Shi(Shang Juan)@f张少康,刘三富著@FZhang Shao Kang,Liu San Fu Zhu |
| 210 | @a北京@c北京大学出版社@d1995.06 | |
| 215 | @a468页@d32开 | |
| 606 | 0 | @a文学@x中国 |
| 690 | @aI206.09@v3 | |
| 701 | 0 | @a张少康@4著 |
| 701 | 0 | @a刘三富@4著 |
| 801 | @aCN@bPftUser@c20000729 | |
| 905 | @b81474-478@dI206.09@eZH383:1@f5 | |
| 中国文学理论批评发展史(上卷)/张少康,刘三富著.-北京:北京大学出版社,1995.06 |
| 468页;32开 |
| ISBN 7-301-02683-8:22.50元 |
| ● |
| 相关链接 |
|
|
|
正题名:中国文学理论批评发展史(上卷)
索取号:I206.09/ZH383:1
 
预约/预借
| 序号 | 登录号 | 条形码 | 馆藏地/架位号 | 状态 | 备注 |
| 1 | 81474 | 200814743 | 社科二线422/422社科库 23排2列1层/ [索取号:I206.09/ZH383:1] | 在馆 | |
| 2 | 81475 | 200814752 | 社科二线422/422社科库 23排2列1层/ [索取号:I206.09/ZH383:1] | 在馆 | |
| 3 | 81476 | 200814761 | 文学库108/108文学库 5排2列2层/ [索取号:I206.09/ZH383:1] | 在馆 | |
| 4 | 81477 | 200814770 | 社科二线400B/400B社科库 5排3列1层/ [索取号:I206.09/ZH383:1] | 在馆 | |
| 5 | 81478 | 200814789 | 文学库108/108文学库 5排2列2层/ [索取号:I206.09/ZH383:1] | 在馆 |